| 000 | 00597nam a22002057a 4500 | ||
|---|---|---|---|
| 003 | MPLRDC | ||
| 005 | 20220104202738.0 | ||
| 008 | 210129b ||||| |||| 00| 0 eng d | ||
| 020 | _a978-967-0199-12-2 | ||
| 082 | _a855 JBD-3 c.2 | ||
| 100 | _a九把刀 GIDDENS | ||
| 245 |
_aBUT! 人生最厉害就是这个BUT! _c |
||
| 250 | _a初版 | ||
| 260 |
_a马来西亚 _b海滨出版(马)有限公司 SEASHORE PUBLISHING (M) SDN BHD _c2011 |
||
| 300 | _b平 | ||
| 490 | _a乱写文学系列 | ||
| 520 | _a上架 2018-02-09。 | ||
| 650 | _a散文;随笔、日记 | ||
| 942 |
_cBK _o855 JBD-3 c.2 |
||
| 999 |
_c67795 _d67785 |
||